<?xml version="1.0" encoding="UTF-8"?>
<record
    xmlns:xsi="http://www.w3.org/2001/XMLSchema-instance"
    xsi:schemaLocation="http://www.loc.gov/MARC21/slim http://www.loc.gov/standards/marcxml/schema/MARC21slim.xsd"
    xmlns="http://www.loc.gov/MARC21/slim">

  <leader>00916nam a22001817a 4500</leader>
  <datafield tag="999" ind1=" " ind2=" ">
    <subfield code="c">95777</subfield>
    <subfield code="d">95777</subfield>
  </datafield>
  <controlfield tag="003">NALT</controlfield>
  <controlfield tag="005">20191213152612.0</controlfield>
  <controlfield tag="008">190226b           ||||| |||| 00| 0 tha d</controlfield>
  <datafield tag="040" ind1=" " ind2=" ">
    <subfield code="a">NALT</subfield>
  </datafield>
  <datafield tag="245" ind1=" " ind2=" ">
    <subfield code="a">Harper's BAZAAR </subfield>
  </datafield>
  <datafield tag="260" ind1=" " ind2=" ">
    <subfield code="a">194 &#xE0B;.&#xE1B;&#xE23;&#xE35;&#xE14;&#xE35;&#xE1E;&#xE19;&#xE21;&#xE22;&#xE07;&#xE04;&#xE4C; 46 (&#xE0B;.&#xE08;&#xE34;&#xE15;&#xE23;&#xE27;&#xE32;&#xE23;&#xE35;) &#xE16;.&#xE2A;&#xE38;&#xE02;&#xE38;&#xE21;&#xE27;&#xE34;&#xE17; 71 &#xE41;&#xE02;&#xE27;&#xE07;&#xE04;&#xE25;&#xE2D;&#xE07;&#xE15;&#xE31;&#xE19;&#xE40;&#xE2B;&#xE19;&#xE37;&#xE2D; &#xE40;&#xE02;&#xE15;&#xE27;&#xE31;&#xE12;&#xE19;&#xE32; &#xE01;&#xE23;&#xE38;&#xE07;&#xE40;&#xE17;&#xE1E;&#xE2F; 10110 </subfield>
    <subfield code="b">&#xE1A;&#xE23;&#xE34;&#xE29;&#xE31;&#xE17; &#xE21;&#xE35;&#xE40;&#xE14;&#xE35;&#xE22; &#xE40;&#xE2D;&#xE01;&#xE0B;&#xE4C;&#xE40;&#xE1E;&#xE2D;&#xE23;&#xE4C;&#xE17;&#xE35;&#xE2A; &#xE2D;&#xE34;&#xE19;&#xE40;&#xE15;&#xE2D;&#xE23;&#xE4C;&#xE40;&#xE0A;&#xE31;&#xE48;&#xE19;&#xE41;&#xE19;&#xE25; (&#xE1B;&#xE23;&#xE30;&#xE40;&#xE17;&#xE28;&#xE44;&#xE17;&#xE22;) &#xE08;&#xE33;&#xE01;&#xE31;&#xE14;</subfield>
  </datafield>
  <datafield tag="310" ind1=" " ind2=" ">
    <subfield code="a">&#xE23;&#xE32;&#xE22;&#xE40;&#xE14;&#xE37;&#xE2D;&#xE19;</subfield>
  </datafield>
  <datafield tag="500" ind1=" " ind2=" ">
    <subfield code="a">&#xE27;&#xE32;&#xE23;&#xE2A;&#xE32;&#xE23;&#xE23;&#xE32;&#xE22;&#xE0A;&#xE37;&#xE48;&#xE2D;&#xE19;&#xE35;&#xE49;&#xE23;&#xE31;&#xE1A;&#xE21;&#xE32;&#xE41;&#xE17;&#xE19; Lonely Planet &#xE17;&#xE35;&#xE48;&#xE44;&#xE14;&#xE49;&#xE2B;&#xE22;&#xE38;&#xE14;&#xE1C;&#xE25;&#xE34;&#xE15;</subfield>
  </datafield>
  <datafield tag="850" ind1=" " ind2=" ">
    <subfield code="a">NALT</subfield>
  </datafield>
  <datafield tag="942" ind1=" " ind2=" ">
    <subfield code="c">JNR</subfield>
    <subfield code="s">1</subfield>
    <subfield code="2">lcc</subfield>
    <subfield code="0">4</subfield>
  </datafield>
  <datafield tag="998" ind1=" " ind2=" ">
    <subfield code="a">jintana</subfield>
  </datafield>
</record>
